Medio ambiente, tecnología y modelos de agricultura en Colombia : (Registro nro. 5460)

Detalles MARC
000 -CABECERA
Campo de control 01052nam a2200277 a 4500
005 - FECHA Y HORA DE LA ULTIMA TRANSACCION
Campo de control 20201014172807.0
008 - ELEMENTOS DE LONGITUD FIJA—INFORMACION GENERAL
Campo de control 061117s2007 ck ad gr 001 spa d
020 ## - ISBN
ISBN 9789586484732
020 ## - ISBN
ISBN 9586484734
040 ## - FUENTE DE CATALOGACIÓN
Agencia catalogadora original CO-BoBLA
Agencia transcriptora CO-BoBLA
Agencia Modificadora CO-BoIAVH
041 0# - IDIOMA
Código de idioma para texto/pista de sonido o título separado Español
044 ## - PAÍS DE PUBLICACIÓN
País de publicación Colombia
082 04 - NUMERO DE CLASIFICACION DECIMAL DEWEY
Número de clasificación 333.72
Número del ítem L36m
100 1# - ASIENTO PRINCIPAL--NOMBRE PERSONAL
Nombre personal León Sicard, Tomás Enrique.
9 (RLIN) 7351
245 10 - MENCION DE TITULO
Título Medio ambiente, tecnología y modelos de agricultura en Colombia :
Parte restante del título hombre y arcilla /
Mención de responsabilidad Tomás Enrique León Sicard.
260 3# - PUBLICACION, DISTRIBUCION, ETC. (PIE DE IMPRENTA)
Lugar de publicación, distribución, etc. Bogotá :
Nombre del editor, distribuidor, etc. Ecoe Ediciones,
Fecha de publicación, distribución, etc. 2007.
300 ## - DESCRIPCION FISICA
Extensión xxiv, 287 páginas :
Otros detalles físicos Ilustraciones, gráficos ;
Dimensiones 24 x 17 cm.
504 ## - NOTA DE BIBLIOGRAFIA, ETC.
Nota de bibliografía Incluye referencias bibliográficas: página [277]-287.
650 14 - ASIENTO SECUNDARIO DE MATERIA - TERMINO TEMATICO
Término temático o nombre geográfico como elemento de entrada Medio ambiente
Subdivisión geográfica Colombia.
9 (RLIN) 63208
650 14 - ASIENTO SECUNDARIO DE MATERIA - TERMINO TEMATICO
Término temático o nombre geográfico como elemento de entrada Desarrollo agrícola
Subdivisión geográfica Colombia.
9 (RLIN) 63209
650 26 - ASIENTO SECUNDARIO DE MATERIA - TERMINO TEMATICO
Término temático o nombre geográfico como elemento de entrada Ecología
Subdivisión geográfica Colombia.
9 (RLIN) 63210
650 26 - ASIENTO SECUNDARIO DE MATERIA - TERMINO TEMATICO
Término temático o nombre geográfico como elemento de entrada Ecología agrícola
Subdivisión geográfica Colombia.
9 (RLIN) 63211
650 24 - ASIENTO SECUNDARIO DE MATERIA - TERMINO TEMATICO
Término temático o nombre geográfico como elemento de entrada Innovaciones agrícolas
Subdivisión geográfica Colombia.
9 (RLIN) 63212
710 2# - ASIENTO SECUNDARIO - NOMBRE CORPORATIVO
Nombre corporativo o de jurisdicción como elemento de entrada Instituto de Estudios Ambientales, IDEA.
9 (RLIN) 16882
942 ## - ELEMENTOS ADICIONALES (KOHA)
Sistema de clasificación Dewey Decimal Classification
Tipo de ítem Libro
Existencias
Withdrawn status Lost status Sistema de Clasificación Damaged status No para préstamo Colección Inventariado Ubicación Permanente Ubicación actual Fecha de adquisición Fuente de Valor Valor Total Checkouts Número topográfico Inventario / Código de Barras Date last seen Ejemplar Price effective from Forma de adquisición Tipo de material
    Dewey Decimal Classification     General Inventariado 2017 Bogotá Bogotá 28/02/2007 Instituto 39000.00   LB-333.72 L36m 023964 04/12/2012 Ej.1 04/12/2012   Libro